MARC details
| 000 -CABECERA |
| campo de control de longitud fija |
01143nam a22002657a 4500 |
| 003 - IDENTIFICADOR DEL NÚMERO DE CONTROL |
| campo de control |
DO-SdBNP |
| 005 - FECHA Y HORA DE LA ÚLTIMA TRANSACCIÓN |
| campo de control |
20220126094915.0 |
| 007 - CAMPO FIJO DE DESCRIPCIÓN FÍSICA--INFORMACIÓN GENERAL |
| campo de control de longitud fija |
ta |
| 008 - DATOS DE LONGITUD FIJA--INFORMACIÓN GENERAL |
| campo de control de longitud fija |
220125b1986 ||||g |||| 00| 0 spa d |
| 040 ## - FUENTE DE LA CATALOGACIÓN |
| Centro catalogador/agencia de origen |
DO-SdBNP |
| Lengua de catalogación |
spa |
| Centro/agencia transcriptor |
BNPHU |
| 082 4# - NÚMERO DE LA CLASIFICACIÓN DECIMAL DEWEY |
| Número de edición |
22 |
| Número de clasificación |
027.77293 |
| Número de documento/Ítem |
021.7 F356n |
| 111 10 - ENTRADA PRINCIPAL--NOMBRE DE CONGRESO/REUNIÓN |
| Nombre de congreso/reunión o jurisdicción como elemento de entrada |
XIV Feria Nacional del Libro |
| Número del congreso/reunión o número de parte o sección |
(14ª : |
| Fecha del congreso/reunión |
1986 : 23 al 30 abril : |
| Sede del congreso/Lugar de la reunión |
Plaza de la Cultura Juan Pablo Duarte, Santo Domingo , República Dominicana) |
| 9 (RLIN) |
81005 |
| 245 10 - MENCIÓN DE TÍTULO |
| Título |
XIV Feria Nacional del Libro : |
| Resto del título |
programa . Prócer Máximo Gómez / |
| 246 ## - FORMA VARIANTE DE TÍTULO |
| Título propio/Titulo breve |
Décimocuarta Feria Nacional del Libro |
| 260 4# - PUBLICACIÓN, DISTRIBUCIÓN, ETC. |
| Lugar de publicación, distribución, etc. |
Santo Domingo : |
| Nombre del editor, distribuidor, etc. |
Comisión organizadora permanente de la Feria del Libro, |
| Fecha de publicación, distribución, etc. |
1986. |
| 300 ## - DESCRIPCIÓN FÍSICA |
| Extensión |
70 p. : |
| Dimensiones |
20 cm. |
| 500 ## - NOTA GENERAL |
| Nota general |
Dedicada . En homenaje a la memoria del Prócer Máximo Gómez. |
| 500 ## - NOTA GENERAL |
| Nota general |
Incluye datos biográfico de Máximo Gómez en la contraportada del libro. |
| 500 ## - NOTA GENERAL |
| Nota general |
Programa de actividades. |
| 590 ## - NOTA LOCAL (RLIN) |
| Nota local |
Inventariado, 2022 / SA |
| 650 40 - PUNTO DE ACCESO ADICIONAL DE MATERIA--TÉRMINO DE MATERIA |
| 9 (RLIN) |
53137 |
| Término de materia o nombre geográfico como elemento de entrada |
Feria del Libro |
| Subdivisión cronológica |
1986 |
| Subdivisión geográfica |
República Dominicana |
| 650 40 - PUNTO DE ACCESO ADICIONAL DE MATERIA--TÉRMINO DE MATERIA |
| 9 (RLIN) |
56214 |
| Término de materia o nombre geográfico como elemento de entrada |
Feria del Libro |
| Subdivisión general |
Programa |
| Subdivisión cronológica |
1986 |
| Subdivisión geográfica |
República Dominicana |
| 910 ## - DATOS DE OPCIÓN DEL USUARIO (OCLC) |
| Datos de opción del usuario |
Saquino |
| 942 ## - ELEMENTOS DE PUNTO DE ACCESO ADICIONAL (KOHA) |
| Fuente del sistema de clasificación o colocación |
Dewey Decimal Classification |
| Tipo de ítem Koha |
Libro |